Wolverhampton Wanderers FC 2018-2019 Squad - Statistics

General Stats
  • This quiz has been taken 156 times
    149 since last reset
  • The average score is 17 of 26
Answer Stats
Position Kit Number Nationality Answer % Correct
MID #8 Portugal Ruben Neves
99%
GK #11 Portugal Rui Patricio
96%
DEF #15 France Willy Boly
94%
MID #28 Portugal Joao Moutinho
92%
DEF #2 Ireland Matt Doherty
92%
FOR #9 Mexico Raul Jimenez
90%
DEF #16 England Conor Coady
89%
Manager N/A Portugal Nuno
89%
MID #27 Morocco Romain Saiss
84%
FOR #37 Spain Adama Traore
82%
DEF #19 Spain Jonny
82%
GK #21 England John Ruddy
81%
MID #18 Portugal Diogo Jota
78%
MID #32 Belgium Leander Dendoncker
78%
MID #17 England Morgan Gibbs-White
72%
DEF #5 England Ryan Bennett
70%
DEF #29 Portugal Ruben Vinagre
69%
FOR #10 Portugal Helder Costa
67%
FOR #33 Brazil Leo Bonatini
58%
FOR #7 Portugal Ivan Cavaleiro
53%
GK #31 England Will Norris
46%
DEF #30 England Kortney Hause
35%
FOR #24 England Ben Ashley-Seal
19%
MID #23 England Ryan John Giles
13%
MID #25 England Elliot Watt
11%
MID #26 Portugal Pote
1%
No matching quizzes found
Score Distribution
Percent of People with Each Score
Percentile by Number Answered
Your Score History
You have not taken this quiz since the last reset